000 01382nam a22003737a 4500
001 000107272
003 CHAP
005 20220817044536.0
008 240812s2012 mx r 00010 spa d
010 _a103734
011 _a104706
035 _a115396
040 _cCHAP
090 _aTesis
100 1 _aHerrera Clemente, Yasser
_954849
245 1 0 _aFecha de siembra y estrés de humedad en cebada maltera (Hordeum vulgare L.): Efecto en la calidad de malta
_h[En línea]
_c/por Yasser Herrera Clemente.
260 _aChapingo, Méx. :
_bEl autor,
_c2012.
500 _aPara ver el contenido del material haga clic en la liga
502 _aTesis (Ing. Agroindustrial) -- UACH. Departamento de Ingeniería Agroindustrial
590 _aALEPH
_b10
_c20130110
_lUCH01
_h1546
590 _aBATCH-UPD
_b10
_c20130110
_lUCH01
_h1051
590 _aBATCH-UPD
_b10
_c20140324
_lUCH01
_h1532
590 _aBATCH-UPD
_b10
_c20141002
_lUCH01
_h0854
590 _aCONVERSION
_b10
_c20130109
_lUCH01
_h1357
590 _aE11695DGD
_b10
_c20160504
_lUCH01
_h1334
650 0 4 _aCebada maltera.
650 0 4 _aMalta.
_970202
856 _3Finding aid
_uhttp://10.13.5.2/tesis/115396.pdf
_zTeclea aqui
901 _aBK
942 _cFOLL
942 _n0
949 _aTesis
_bBC
_cTES
_d33724002331322
_eTS2
_fc.2
_h53801
_i115396
_st
949 _aTesis
_bBC
_cTES
_d33724002331363
_eTS1
_h53800
_i115396
_st
999 _c103734
_d103734